00301nam a22000977a 4500020001800000082002000018110004900038245004800087260003100135526003700166 a975-7430-09-9 a303.625bORGcD aKok Social and Strategic Research Foundation athe true face of PKK terrorist organisation aTurkeybSistem ofsetc1999 a0b0c0d303_625000000000000_ORG